[Event "Moscow RUS"]
[Site "?"]
[Date "2005.02.22"]
[Round "8"]
[White "Tregubov Pavel V"]
[Black "Efimenko Zahar"]
[Result "1-0"]
[WhiteElo "2629"]
[BlackElo "2601"]
[PlyCount "73"]
[EventDate "2005.??.??"]
[Source "www.chesslib.no"]
[SourceDate "2004.05.04"]

1. d4 Nf6 2. c4 e6 3. Nf3 c5 4. d5 exd5 5. cxd5 d6 6. Nc3 g6 7. Nd2 Bg7 8. e4 O-O 9. Be2 Re8 10. O-O Na6 11. Kh1 Nc7 12. a4 b6 13. f3 Nd7 14. Nb5 Nxb5 15. Bxb5 Rf8 16. Qe1 a6 17. Bc6 Rb8 18. Nc4 b5 19. axb5 axb5 20. Nxd6 Ne5 21. Nxc8 Qxc8 22. Bf4 Nxc6 23. dxc6 Rb6 24. c7 Bxb2 25. Ra5 Bd4 26. Qg3 Re8 27. Qg5 b4 28. Rxc5 Bxc5 29. Qxc5 Rb7 30. h3 b3 31. Qc3 Re7 32. Rd1 b2 33. Bh6 f6 34. Qc4+ Re6 35. Rd8+ Kf7 36. Rxc8 b1=Q+ 37. Kh2 1-0

[Event "Campionato europeo 2007"]
[Site "Dresda GER"]
[Date "2007.04.06"]
[Round "4.41"]
[White "Evdokimov, Alexander"]
[Black "Gashimov, Vugar"]
[Result "1/2-1/2"]
[WhiteElo "2530"]
[BlackElo "2644"]
[PlyCount "34"]
[EventDate "2007.04.03"]
[Source "www.chesslib.no"]
[SourceDate "2004.05.04"]

1. d4 Nf6 2. c4 e6 3. Nf3 c5 4. d5 d6 5. Nc3 exd5 6. cxd5 g6 7. Nd2 Bg7 8. e4 O-O 9. Be2 Re8 10. O-O Na6 11. f3 Nc7 12. a4 Nd7 13. Kh1 f5 14. exf5 gxf5 15. Nc4 Ne5 16. Bf4 Nxc4 17. Bxc4 Rb8 1/2-1/2

[Event "Open A"]
[Site "Zadar CRO"]
[Date "2007.12.21"]
[Round "8"]
[White "Delchev, A."]
[Black "Kovacevic, A."]
[Result "1-0"]
[WhiteElo "2613"]
[BlackElo "2554"]
[PlyCount "81"]
[EventDate "2007.12.16"]
[Source "www.chesslib.no"]
[SourceDate "2004.05.04"]

1. d4 Nf6 2. c4 e6 3. Nf3 c5 4. d5 d6 5. Nc3 exd5 6. cxd5 g6 7. Nd2 Bg7 8. e4 O-O 9. Be2 Re8 10. O-O Na6 11. f3 Nc7 12. a4 Nh5 13. Nc4 Bd4+ 14. Kh1 f5 15. g4 fxg4 16. fxg4 Nf6 17. Bg5 Rf8 18. Bf3 Qd7 19. h3 Rb8 20. Ne2 Be5 21. Bg2 Nce8 22. Nxe5 dxe5 23. Ra3 Qd6 24. Raf3 b6 25. Nc3 Ba6 26. R1f2 Rb7 27. Bf1 c4 28. Be2 Rbf7 29. Qf1 Kg7 30. Bxc4 Bxc4 31. Qxc4 h6 32. Bd2 Qd7 33. Qf1 g5 34. Qe2 Nd6 35. b3 Rc8 36. Kg2 Rcf8 37. Bc1 Rc8 38. Bb2 Rxc3 39. Bxc3 Ndxe4 40. Rxf6 Nxf6 41. Qxe5 1-0

[Event "Politiken Cup"]
[Site "Helsingor DAN"]
[Date "2008.07.26"]
[Round "9"]
[White "Evdokimov, Alexa"]
[Black "Berg, E."]
[Result "1/2-1/2"]
[WhiteElo "2555"]
[BlackElo "2592"]
[PlyCount "103"]
[EventDate "2008.07.19"]
[Source "www.chesslib.no"]
[SourceDate "2004.05.04"]

1. d4 Nf6 2. c4 c5 3. d5 e6 4. Nc3 exd5 5. cxd5 d6 6. Nf3 g6 7. Nd2 Bg7 8. e4 O-O 9. Be2 Re8 10. O-O Na6 11. f3 Nc7 12. a4 b6 13. Nc4 Ba6 14. Bg5 Qd7 15. Qd2 Bxc4 16. Bxc4 a6 17. Qd3 Nh5 18. g4 Bd4+ 19. Kh1 Ng7 20. Bd2 f5 21. exf5 gxf5 22. g5 f4 23. Rae1 Nh5 24. Kg2 Kh8 25. Re4 Rxe4 26. Nxe4 b5 27. Ba2 Bxb2 28. Bc3+ Bxc3 29. Qxc3+ Qg7 30. Qxg7+ Nxg7 31. Nxd6 c4 32. Rd1 Nce8 33. Nf7+ Kg8 34. Nh6+ Kf8 35. d6 Rd8 36. d7 Nc7 37. Kh3 Ke7 38. Kg4 Rxd7 39. Ng8+ Kd8 40. Rxd7+ Kxd7 41. axb5 axb5 42. Kxf4 Kd6 43. Nf6 Nd5+ 44. Nxd5 Kxd5 45. Ke3 Nf5+ 46. Kd2 b4 47. Bb1 c3+ 48. Kd3 Ke5 49. Kc4 Ne3+ 50. Kb3 Kf4 51. Bxh7 Kxg5 52. Kxb4 1/2-1/2

[Event "SM Ronneby,M. Elit"]
[Site "?"]
[Date "1998.08.04"]
[Round "8"]
[White "Jahreiss, Jennifer"]
[Black "Smirnova, Marina"]
[Result "1/2-1/2"]
[WhiteElo "2545"]
[BlackElo "2555"]
[PlyCount "73"]
[EventDate "1998.??.??"]
[Source "www.chesslib.no"]
[SourceDate "2004.05.04"]

1. d4 Nf6 2. c4 e6 3. Nc3 c5 4. d5 exd5 5. cxd5 d6 6. e4 g6 7. Nf3 Bg7 8. Be2 O-O 9. O-O Re8 10. Nd2 Na6 11. f3 Nc7 12. a4 b6 13. Nc4 Ba6 14. Bg5 Qd7 15. Qd2 Bxc4 16. Bxc4 a6 17. Qd3 Nh5 18. Kh1 Bd4 19. b4 Re5 20. Bh4 g5 21. Be1 Ree8 22. Rb1 b5 23. axb5 Nf4 24. Qd1 axb5 25. bxc5 Bxc5 26. Nxb5 Reb8 27. Nc3 Qe7 28. Ne2 Rxb1 29. Qxb1 Nxe2 30. Bxe2 Nxd5 31. Bd2 Nf4 32. Bc4 Bd4 33. Qb3 h6 34. g3 Ng6 35. Bd3 Ra1 36. Rxa1 Bxa1 37. Kg2 1/2-1/2

[Event "Elista (ol) 74/81"]
[Site "?"]
[Date "1998.??.??"]
[Round "?"]
[White "Pinter, Jozsef"]
[Black "Brynell, Stellan"]
[Result "1-0"]
[WhiteElo "2595"]
[BlackElo "2485"]
[PlyCount "79"]
[EventDate "1998.??.??"]
[Source "ChessBase"]
[SourceDate "1998.10.01"]

1. d4 e6 2. c4 Nf6 3. Nf3 c5 4. d5 d6 5. Nc3 exd5 6. cxd5 g6 7. e4 Bg7 8. Be2 O-O 9. O-O Re8 10. Nd2 Na6 11. f3 Nc7 12. a4 b6 13. Kh1 Rb8 14. Nc4 Ba6 15. Bg5 Qd7 16. Re1 Bxc4 17. Bxc4 a6 18. Bf1 h6 19. Be3 Kh7 20. Qd2 Rb7 21. Rab1 b5 22. b4 c4 23. a5 Qe7 24. Bd4 Nd7 25. Bxg7 Kxg7 26. Rbd1 Qf8 27. f4 Kh7 28. g3 Rbb8 29. Bh3 Rbd8 30. Re3 Qg7 31. Rde1 h5 32. Ne2 Nf6 33. Nd4 Ng4 34. Bxg4 hxg4 35. f5 gxf5 36. Nxf5 Qg6 37. h3 gxh3 38. g4 Re5 39. Rxh3+ Kg8 40. Rh6 1-0

[Event "TCh-AUT 1st Bundesliga 2007-8"]
[Site "Jenbach AUT"]
[Date "2008.01.12"]
[Round "6"]
[White "Hulak, K."]
[Black "Nanu, C."]
[Result "0-1"]
[WhiteElo "2552"]
[BlackElo "2527"]
[PlyCount "98"]
[EventDate "2008.01.10"]
[Source "www.chesslib.no"]
[SourceDate "2004.05.04"]

1. d4 Nf6 2. c4 e6 3. Nc3 c5 4. d5 d6 5. Nf3 exd5 6. cxd5 g6 7. Nd2 Bg7 8. e4 O-O 9. Be2 Na6 10. O-O Nc7 11. a4 b6 12. Nc4 Re8 13. f3 Ba6 14. Bg5 Qd7 15. Qd2 Rab8 16. b3 Bc8 17. Nb5 Nxb5 18. axb5 Nh5 19. Ra2 Bd4+ 20. Kh1 f6 21. Be3 Bxe3 22. Qxe3 Qe7 23. g4 Ng7 24. Qf4 Rd8 25. Bd3 Rb7 26. Qg3 Ne8 27. f4 Bd7 28. Na3 Ng7 29. Re2 Rf8 30. h4 Be8 31. Kg2 Qd8 32. Nb1 f5 33. Nc3 fxg4 34. Qxg4 Rbf7 35. Ref2 Qf6 36. Ne2 Nh5 37. Qg5 Qg7 38. Kg1 Bd7 39. e5 Bh3 40. e6 Rf6 41. f5 h6 42. Qe3 gxf5+ 43. Kh2 Bxf1 44. Rxf1 Rg6 45. Kh3 Rg2 46. Qf3 Rg4 47. Bxf5 Rxf5 48. Qxf5 Rg3+ 49. Kh2 Rg2+ 0-1

[Event "AUT-chT2M 9900"]
[Site "?"]
[Date "1999.12.04"]
[Round "4.1"]
[White "Farago Ivan"]
[Black "Haba Petr"]
[Result "1/2-1/2"]
[WhiteElo "2515"]
[BlackElo "2546"]
[PlyCount "45"]
[EventDate "1999.??.??"]
[Source "www.chesslib.no"]
[SourceDate "2004.05.04"]

1. d4 Nf6 2. c4 c5 3. d5 e6 4. Nc3 exd5 5. cxd5 d6 6. Nf3 g6 7. Nd2 Bg7 8. e4 O-O 9. Be2 Re8 10. O-O Na6 11. f3 Nc7 12. a4 b6 13. Nc4 Ba6 14. Bg5 h6 15. Be3 Bxc4 16. Bxc4 a6 17. Qd2 Kh7 18. Rab1 Nd7 19. Kh1 Rb8 20. b4 b5 21. Be2 c4 22. Bd4 Bxd4 23. Qxd4 1/2-1/2

[Event "LXI Lega superiore camp. russo"]
[Site "Novokuznetsk RUS"]
[Date "2008.09.05"]
[Round "3"]
[White "Korotylev, A."]
[Black "Garakov, M."]
[Result "1-0"]
[WhiteElo "2609"]
[BlackElo "2439"]
[PlyCount "193"]
[EventDate "2008.09.03"]
[Source "www.chesslib.no"]
[SourceDate "2004.05.04"]

1. d4 Nf6 2. c4 c5 3. d5 e6 4. Nc3 exd5 5. cxd5 d6 6. Nf3 g6 7. e4 Bg7 8. Be2 O-O 9. O-O Re8 10. Nd2 Na6 11. Kh1 Nc7 12. a4 b6 13. f3 Rb8 14. Nc4 Ba6 15. Bg5 h6 16. Bh4 Qd7 17. Re1 Nh5 18. Qd2 g5 19. Bf2 Nf4 20. Bf1 Bxc4 21. Bxc4 a6 22. Bf1 b5 23. axb5 axb5 24. h4 b4 25. Nd1 Nb5 26. hxg5 hxg5 27. g3 Ng6 28. Qxg5 Re5 29. Qg4 Qxg4 30. fxg4 Ree8 31. Ra6 Ne5 32. b3 Nf3 33. Bxb5 Rxb5 34. Re2 Ng5 35. Ne3 Nxe4 36. Nf5 Rbb8 37. Kg2 Bc3 38. Rc6 Nd2 39. Rxd2 Bxd2 40. Nxd6 Re5 41. Nf5 Bg5 42. Rxc5 Rd8 43. d6 Rxc5 44. Bxc5 Rc8 45. Bxb4 Rb8 46. Ne7+ Kh7 47. Bc3 Rxb3 48. Bd4 Rd3 49. Nc6 Ra3 50. d7 Ra6 51. Be3 Bf6 52. d8=Q Bxd8 53. Nxd8 Kg6 54. Nb7 Re6 55. Kf3 Rf6+ 56. Bf4 Rb6 57. Nc5 Rb5 58. Nd7 Rb3+ 59. Be3 Rb5 60. Bc5 Kg5 61. Be7+ Kg6 62. Kf4 Rb7 63. Ne5+ Kg7 64. Bd8 Rb4+ 65. Kf5 Rb3 66. Bf6+ Kg8 67. Kf4 Rb4+ 68. Kg5 Rb3 69. Kh4 Rb4 70. Nd3 Rb3 71. Ne5 Rb4 72. Bg5 Rb1 73. Kh3 Rh1+ 74. Kg2 Rb1 75. Bf4 Rb3 76. g5 Kg7 77. Kh3 Rb5 78. Kg4 Rb4 79. Nc6 Rc4 80. Ne7 Re4 81. Nf5+ Kf8 82. Nh4 Rb4 83. Kf5 Rb6 84. Be5 Kg8 85. g6 fxg6+ 86. Nxg6 Kf7 87. Nf4 Rb1 88. g4 Rf1 89. g5 Rg1 90. g6+ Kg8 91. Nh5 Rf1+ 92. Kg5 Rg1+ 93. Ng3 Rg2 94. Kf6 Rf2+ 95. Nf5 Kf8 96. Bd4 Rf1 97. Kg5 1-0

[Event "Kemerovo1"]
[Site "Kemerovo"]
[Date "1995.??.??"]
[Round "2"]
[White "Ruban, Vadim"]
[Black "Filippov, Valerij"]
[Result "1-0"]
[WhiteElo "2535"]
[BlackElo "2510"]
[PlyCount "127"]
[EventDate "1995.08.??"]
[Source "ChessBase"]

1. d4 Nf6 2. c4 c5 3. d5 d6 4. Nc3 g6 5. e4 Bg7 6. Nf3 O-O 7. Be2 e6 8. O-O exd5 9. cxd5 Re8 10. Nd2 Na6 11. f3 Nc7 12. a4 b6 13. Nc4 Ba6 14. Bg5 Qd7 15. Qd2 Bxc4 16. Bxc4 a6 17. Qd3 Qc8 18. Bf4 Bf8 19. Rab1 Nd7 20. b4 cxb4 21. Rxb4 Ne5 22. Bxe5 dxe5 23. Rb2 Rd8 24. Kh1 Ne6 25. g3 Qc7 26. Rfb1 Rac8 27. Ba2 Nd4 28. Ne2 Bc5 29. Bc4 a5 30. Ba6 Ra8 31. Nxd4 Bxd4 32. Rc2 Qa7 33. Bb5 Qe7 34. f4 Rac8 35. Bc6 Bc5 36. Qf3 Rf8 37. Rf1 Kg7 38. f5 f6 39. h4 Kh8 40. fxg6 hxg6 41. h5 Rcd8 42. Rh2 Kg7 43. Qg4 Qf7 44. Kg2 Rh8 45. Rfh1 Rh6 46. Rh4 Be3 47. hxg6 Qxg6 48. Qxg6+ Kxg6 49. Kf3 Rxh4 50. gxh4 Bc5 51. Kg4 f5+ 52. exf5+ Kf6 53. h5 e4 54. h6 e3 55. h7 Rh8 56. Bb5 Kg7 57. Bd3 b5 58. Rc1 Be7 59. Rc7 Kf6 60. Rc6+ Ke5 61. Re6+ Kd4 62. Rxe7 Kxd3 63. d6 e2 64. d7 1-0

[Event "XXIX Politiken Cup"]
[Site "Copenhagen DAN"]
[Date "2007.07.25"]
[Round "6"]
[White "Brynell, S."]
[Black "Berg, E."]
[Result "1/2-1/2"]
[WhiteElo "2459"]
[BlackElo "2581"]
[PlyCount "106"]
[EventDate "2007.07.21"]
[Source "www.chesslib.no"]
[SourceDate "2004.05.04"]

1. d4 Nf6 2. c4 c5 3. d5 e6 4. Nc3 exd5 5. cxd5 d6 6. e4 g6 7. Nf3 Bg7 8. Be2 O-O 9. O-O Re8 10. Nd2 Na6 11. f3 Nc7 12. a4 b6 13. Kh1 Rb8 14. Nc4 Ba6 15. Bg5 Qd7 16. Re1 Bxc4 17. Bxc4 a6 18. Bf1 h6 19. Bh4 Nh5 20. Qd2 g5 21. Bf2 f5 22. exf5 Qxf5 23. Rxe8+ Rxe8 24. Rd1 Nf4 25. Ne4 Rxe4 26. fxe4 Qxe4 27. b3 Be5 28. Bg3 Kg7 29. Bxf4 gxf4 30. Be2 Qe3 31. Qc2 Qf2 32. Rf1 Qd4 33. Bh5 Qxd5 34. Qg6+ Kf8 35. Qxh6+ Ke7 36. Qh7+ Kd8 37. Bg4 Qc6 38. Qh4+ Ke8 39. Qh5+ Kf8 40. Qf5+ Ke7 41. Rf3 Nd5 42. Qe6+ Kf8 43. Bh5 Qb7 44. Rh3 Nf6 45. Bf3 Qg7 46. Qc8+ Kf7 47. Qb7+ Kf8 48. Qxa6 Qg6 49. Qa8+ Ke7 50. Qb7+ Ke6 51. Qc8+ Ke7 52. Qb7+ Ke6 53. Qc8+ Ke7 1/2-1/2

[Event "73rd ch-UKR"]
[Site "Kharkiv"]
[Date "2004.08.24"]
[Round "1.1"]
[White "Eljanov, Pavel"]
[Black "Oleksienko, Michailo"]
[Result "1/2-1/2"]
[WhiteElo "2613"]
[BlackElo "2424"]
[PlyCount "75"]
[EventDate "2004.08.03"]
[Source "Roberto Alvarez"]
[SourceDate "2004.09.06"]

1. d4 Nf6 2. c4 c5 3. d5 e6 4. Nc3 exd5 5. cxd5 d6 6. Nf3 g6 7. e4 Bg7 8. Be2 O-O 9. Nd2 Re8 10. O-O Na6 11. f3 Nc7 12. a4 Nd7 13. Kh1 b6 14. Ra3 Qe7 15. Nc4 Ba6 16. Bf4 Bxc4 17. Bxc4 a6 18. Qd2 Ne5 19. Be2 Qd7 20. Rfa1 Rab8 21. Bh6 Bh8 22. Nd1 f5 23. Nf2 Nf7 24. Bf4 Bd4 25. Be3 Bxe3 26. Rxe3 b5 27. axb5 Nxb5 28. Bxb5 Qxb5 29. b3 Qb4 30. Qc1 Qd4 31. Qe1 f4 32. Rd3 Qb2 33. Rb1 Qg7 34. Rdd1 Rb5 35. Ra1 Rxb3 36. Rxa6 Reb8 37. Ra7 Qc3 38. Qxc3 1/2-1/2

[Event "6. EICC"]
[Site "?"]
[Date "2005.06.19"]
[Round "2"]
[White "Markus Robert"]
[Black "Moranda Wojciech"]
[Result "1-0"]
[WhiteElo "2584"]
[BlackElo "2452"]
[PlyCount "45"]
[EventDate "2005.??.??"]
[Source "www.chesslib.no"]
[SourceDate "2004.05.04"]

1. d4 Nf6 2. c4 c5 3. d5 e6 4. Nc3 exd5 5. cxd5 d6 6. Nf3 g6 7. Nd2 Bg7 8. e4 O-O 9. Be2 Re8 10. O-O Na6 11. f3 Nc7 12. a4 Nd7 13. Kh1 b6 14. Nc4 Ne5 15. Ne3 f5 16. f4 Nf7 17. exf5 gxf5 18. Bd3 Nh6 19. Ne2 Ba6 20. Ng3 Rxe3 21. Bxe3 Nxd5 22. Bxa6 Nxe3 23. Qb3+ 1-0

[Event "New York op"]
[Site "New York"]
[Date "1998.03.17"]
[Round "4"]
[White "Ehlvest, Jaan"]
[Black "Shliperman, Igor"]
[Result "1-0"]
[WhiteElo "2610"]
[BlackElo "2425"]
[PlyCount "63"]
[EventDate "1998.03.16"]
[Source "ChessBase"]
[SourceDate "1998.06.15"]

1. d4 Nf6 2. c4 e6 3. Nf3 c5 4. d5 exd5 5. cxd5 d6 6. Nc3 g6 7. Nd2 Bg7 8. e4 O-O 9. Be2 Re8 10. O-O Na6 11. f3 Nc7 12. a4 b6 13. Nc4 Ba6 14. Bg5 h6 15. Bh4 Qd7 16. Kh1 Bxc4 17. Bxc4 a6 18. Qd3 Nh5 19. Rfe1 Bd4 20. Qf1 g5 21. Bf2 Bxf2 22. Qxf2 b5 23. Bf1 Ng7 24. e5 Kh8 25. f4 dxe5 26. fxe5 b4 27. Ne4 Qf5 28. Qxc5 Rxe5 29. Ng3 Rxe1 30. Rxe1 Nge6 31. Rxe6 Nxe6 32. Qc6 1-0

[Event "Lone Pine"]
[Site "Lone Pine"]
[Date "1980.??.??"]
[Round "3"]
[White "Zaltsman, Vitaly F"]
[Black "Dzindzichashvili, Roman"]
[Result "1/2-1/2"]
[WhiteElo "2460"]
[BlackElo "2570"]
[PlyCount "129"]
[EventDate "1980.03.??"]
[Source "ChessBase"]

1. d4 Nf6 2. c4 c5 3. d5 e6 4. Nc3 exd5 5. cxd5 d6 6. e4 g6 7. Nf3 Bg7 8. Be2 O-O 9. O-O Re8 10. Nd2 Na6 11. f3 Nc7 12. a4 b6 13. Nc4 Ba6 14. Bg5 h6 15. Be3 Bxc4 16. Bxc4 a6 17. Qd2 Kh7 18. Rab1 Qd7 19. b4 b5 20. axb5 axb5 21. Be2 c4 22. Bd4 Qe7 23. Bd1 Ra3 24. Bc2 Nd7 25. Ra1 Raa8 26. Ra3 Bxd4+ 27. Qxd4 Rxa3 28. f4 Qf6 29. e5 dxe5 30. fxe5 Qxe5 31. Rxf7+ Kg8 32. Qxe5 Nxe5 33. Rxc7 Rxc3 34. Be4 Re3 35. Bf3 Rd3 36. Rc5 c3 37. Be4 Rd1+ 38. Kf2 Rd2+ 39. Kg3 Re2 40. Kf4 Nc4 41. Bxg6 Rxg2 42. Bd3 Rf2+ 43. Kg3 c2 44. Bxc2 Rxc2 45. Rxb5 Rd2 46. Rc5 Ne3 47. b5 Rxd5 48. Rxd5 Nxd5 49. Kg4 Kf7 50. Kf5 Nb6 51. Kg4 Kg6 52. Kh4 h5 53. Kh3 Kg5 54. Kg3 h4+ 55. Kf3 Nd5 56. Kf2 Kg4 57. Kg2 Ne3+ 58. Kf2 Nc4 59. Kg2 Kg5 60. Kf3 Kf5 61. Kf2 Kf4 62. Kg2 Ne3+ 63. Kf2 Nd5 64. Kg2 Kg4 65. Kf2 1/2-1/2

[Event "AUT-chT2O 9697"]
[Site "Austria"]
[Date "1996.??.??"]
[Round "3"]
[White "Farago, Ivan"]
[Black "Palkovi, Jozsef"]
[Result "1-0"]
[WhiteElo "2525"]
[BlackElo "2480"]
[PlyCount "87"]
[EventDate "1996.??.??"]
[Source "www.chesslib.no"]
[SourceDate "2004.05.04"]

1. d4 Nf6 2. c4 e6 3. Nf3 c5 4. d5 exd5 5. cxd5 d6 6. Nc3 g6 7. Nd2 Bg7 8. e4 O-O 9. Be2 Na6 10. O-O Re8 11. f3 Nc7 12. a4 b6 13. Nc4 Ba6 14. Bg5 h6 15. Be3 Bxc4 16. Bxc4 a6 17. Qd2 Kh7 18. Rab1 Rb8 19. b4 b5 20. Be2 c4 21. Bd1 Re7 22. a5 Qh8 23. Ne2 Rf8 24. Bf2 Nce8 25. Bc2 Nd7 26. Bh4 Bf6 27. Bg3 Bg7 28. Rbd1 Ne5 29. Nd4 Rc7 30. Qe2 Nf6 31. f4 Nd3 32. Bxd3 cxd3 33. Qxd3 Rc4 34. e5 dxe5 35. fxe5 Nd7 36. Nc6 Nxe5 37. Bxe5 Bxe5 38. Nxe5 Qxe5 39. d6 Kg7 40. d7 Rd8 41. Rde1 Qg5 42. Re8 Rc1 43. h4 Qf4 44. Rxd8 1-0

[Event "Open Kaupthing"]
[Site "Differdange LUS"]
[Date "2007.07.14"]
[Round "9"]
[White "Koneru, H."]
[Black "Siebrecht, S."]
[Result "1-0"]
[WhiteElo "2572"]
[BlackElo "2431"]
[PlyCount "67"]
[EventDate "2007.07.07"]
[Source "www.chesslib.no"]
[SourceDate "2004.05.04"]

1. d4 Nf6 2. c4 e6 3. Nf3 c5 4. d5 exd5 5. cxd5 d6 6. Nc3 g6 7. Nd2 Bg7 8. e4 O-O 9. Be2 Re8 10. O-O Na6 11. Kh1 Nc7 12. a4 b6 13. f3 Nd7 14. Nc4 Ne5 15. Ne3 f5 16. f4 Nf7 17. exf5 gxf5 18. Bd3 Qf6 19. Qc2 Nh6 20. Bd2 Bd7 21. Rf3 Re7 22. Rg3 Rae8 23. Nb5 Nxb5 24. axb5 Ng4 25. Nxg4 fxg4 26. Bxh7+ Kh8 27. Bg6 Bf8 28. Bd3 Qd4 29. Bf1 Qxd5 30. f5 Rf7 31. Rxg4 Bxf5 32. Rh4+ Kg8 33. Bc4 Be4 34. Bxd5 1-0

[Event "Skanska Cup"]
[Site "Olomouc"]
[Date "2004.07.08"]
[Round "7"]
[White "Postny, Evgeny"]
[Black "Simacek, Pavel"]
[Result "1-0"]
[WhiteElo "2563"]
[BlackElo "2439"]
[PlyCount "87"]
[EventDate "2004.07.04"]
[Source "Roberto Alvarez"]
[SourceDate "2004.08.24"]

1. d4 Nf6 2. c4 c5 3. d5 e6 4. Nc3 exd5 5. cxd5 d6 6. Nf3 g6 7. Nd2 Bg7 8. e4 O-O 9. Be2 Re8 10. O-O Na6 11. f3 Nc7 12. a4 b6 13. Nc4 Ba6 14. Rb1 Qd7 15. b4 Ng4 16. b5 Bxc3 17. fxg4 Bd4+ 18. Kh1 Bb7 19. Bd3 Rf8 20. Bh6 Bg7 21. Bxg7 Kxg7 22. g5 Ne8 23. Qd2 Rd8 24. Rf3 Qe7 25. Rbf1 Rd7 26. Rf6 Qd8 27. R1f3 Rh8 28. Qf4 Nxf6 29. gxf6+ Kg8 30. Rg3 Qf8 31. h4 h5 32. Rg5 Rh7 33. Be2 Rd8 34. Kg1 Bc8 35. Bf3 Kh8 36. e5 dxe5 37. Rxe5 Re8 38. Rxe8 Qxe8 39. Be4 Kg8 40. Nd6 Qd8 41. Nxc8 Qxc8 42. Qe5 Rh8 43. d6 c4 44. Qe7 1-0

[Event "73rd ch-UKR"]
[Site "Kharkiv"]
[Date "2004.08.29"]
[Round "3.2"]
[White "Korobov, Anton"]
[Black "Oleksienko, Michailo"]
[Result "1-0"]
[WhiteElo "2565"]
[BlackElo "2424"]
[PlyCount "91"]
[EventDate "2004.08.03"]
[Source "Roberto Alvarez"]
[SourceDate "2004.09.06"]

1. d4 Nf6 2. c4 c5 3. d5 e6 4. Nc3 exd5 5. cxd5 d6 6. Nf3 g6 7. Nd2 Bg7 8. e4 O-O 9. Be2 Re8 10. O-O Na6 11. f3 Nc7 12. a4 Nd7 13. Kh1 b6 14. Nc4 Ne5 15. Ne3 Rb8 16. f4 Nd7 17. e5 dxe5 18. f5 Nf6 19. d6 Na6 20. Ned5 Nxd5 21. Qxd5 gxf5 22. d7 Bxd7 23. Bxa6 Be6 24. Qxd8 Rbxd8 25. Bb5 Re7 26. g3 Rd6 27. Bg5 f6 28. Be3 Bc8 29. Kg1 f4 30. gxf4 Bh6 31. Bc4+ Kh8 32. Rad1 Rdd7 33. Rxd7 Rxd7 34. Rd1 exf4 35. Rxd7 Bxd7 36. Bd2 Kg7 37. Bb5 Be6 38. Ne2 f3 39. Bxh6+ Kxh6 40. Nf4 Bb3 41. h4 Kg7 42. Kf2 Bd1 43. Nd5 Kg6 44. Nc3 Bb3 45. Kxf3 Kf5 46. Bd3+ 1-0

[Event "It (Open) Krakow POL"]
[Site "?"]
[Date "2005.12.30"]
[Round "4"]
[White "Korobov Anton"]
[Black "Moranda Wojciech"]
[Result "1-0"]
[WhiteElo "2537"]
[BlackElo "2451"]
[PlyCount "71"]
[EventDate "2005.??.??"]
[Source "www.chesslib.no"]
[SourceDate "2004.05.04"]

1. d4 Nf6 2. c4 c5 3. d5 e6 4. Nc3 exd5 5. cxd5 d6 6. Nf3 g6 7. Nd2 Bg7 8. e4 O-O 9. Be2 Re8 10. O-O Na6 11. f3 Nc7 12. a4 Nd7 13. Nc4 Ne5 14. Bf4 Nxc4 15. Bxc4 a6 16. Qb3 Qe7 17. Qb6 Rd8 18. Rad1 Ne8 19. Rfe1 Kf8 20. a5 f6 21. Bg3 Qc7 22. Na4 Qxb6 23. Nxb6 Rb8 24. f4 Bh6 25. e5 Bg4 26. e6 Ke7 27. Rd2 Bf5 28. Rf2 Ng7 29. Bh4 Nh5 30. Ref1 Rg8 31. h3 Be4 32. Nd7 g5 33. fxg5 fxg5 34. Rf7+ Kd8 35. Be1 Rc8 36. g4 1-0

[Event "Tch (Men) 2005/2006 CZE"]
[Site "?"]
[Date "2005.10.15"]
[Round "?"]
[White "Haba Petr"]
[Black "Simacek Pavel"]
[Result "1-0"]
[WhiteElo "2522"]
[BlackElo "2463"]
[PlyCount "97"]
[EventDate "2005.??.??"]
[Source "www.chesslib.no"]
[SourceDate "2004.05.04"]

1. d4 Nf6 2. c4 c5 3. d5 e6 4. Nc3 exd5 5. cxd5 d6 6. Nf3 g6 7. Nd2 Bg7 8. e4 O-O 9. Be2 Re8 10. O-O Na6 11. f3 Nc7 12. a4 b6 13. Nc4 Ba6 14. Bg5 h6 15. Be3 Kh7 16. Qd2 Bxc4 17. Bxc4 a6 18. Rfe1 Rb8 19. Bf1 Nd7 20. Rab1 b5 21. b4 cxb4 22. Rxb4 a5 23. Rxb5 Nxb5 24. Bxb5 Qe7 25. Ne2 Rec8 26. Nd4 Ne5 27. Nc6 Nxc6 28. dxc6 Qe5 29. Qd5 Qxd5 30. exd5 Rc7 31. Bd2 Bd4+ 32. Kf1 Ra8 33. Re4 Bf6 34. Ke2 Kg7 35. Kd3 Bg5 36. Be1 Bf6 37. Bg3 Rd8 38. Kc4 Ra7 39. Bf2 Raa8 40. Bb6 Rdc8 41. Kd3 Bd8 42. Bxd8 Rxd8 43. Re7 Kf8 44. Rb7 Rdc8 45. Kc4 Rcb8 46. Ba6 Re8 47. Kb5 Re5 48. Kb6 Rxd5 49. c7 1-0

[Event "Montpellier"]
[Site "?"]
[Date "1996.??.??"]
[Round "?"]
[White "Pinter Jozsef"]
[Black "Chabanon Jean Luc"]
[Result "1/2-1/2"]
[WhiteElo "2560"]
[BlackElo "2425"]
[PlyCount "88"]
[EventDate "1996.??.??"]
[Source "www.chesslib.no"]
[SourceDate "2004.05.04"]

1. d4 Nf6 2. c4 e6 3. Nf3 c5 4. d5 exd5 5. cxd5 d6 6. Nc3 g6 7. e4 Bg7 8. Be2 O-O 9. O-O Re8 10. Nd2 Na6 11. f3 Nc7 12. Kh1 Rb8 13. a4 b6 14. Bb5 Rf8 15. Bc6 Bd7 16. Bxd7 Nxd7 17. Nb5 Nxb5 18. axb5 Rb7 19. Ra6 f5 20. exf5 gxf5 21. Qc2 Qe8 22. Nc4 Rf6 23. Bf4 Ne5 24. Bxe5 dxe5 25. Rfa1 e4 26. f4 Qxb5 27. Rxa7 Rxa7 28. Rxa7 Qb4 29. Qc3 Qxc3 30. bxc3 b5 31. Ne3 Rf8 32. Rb7 Bxc3 33. Rxb5 Bd4 34. Nc4 Rd8 35. g3 Rxd5 36. Kg2 Rd7 37. h3 Ra7 38. Rb3 Ra2+ 39. Kf1 h5 40. Nd6 h4 41. Nxf5 hxg3 42. Rxg3+ Kf8 43. Rg2 Ra1+ 44. Ke2 Ra2+ 1/2-1/2

[Event "Corr"]
[Site "?"]
[Date "1998.??.??"]
[Round "?"]
[White "Peluso Angelo"]
[Black "Coco Carmelo"]
[Result "1/2-1/2"]
[WhiteElo "2540"]
[BlackElo "2435"]
[PlyCount "71"]
[EventDate "1998.??.??"]
[Source "www.chesslib.no"]
[SourceDate "2004.05.04"]

1. d4 Nf6 2. c4 c5 3. d5 e6 4. Nc3 exd5 5. cxd5 d6 6. e4 g6 7. Nf3 Bg7 8. Be2 O-O 9. O-O Re8 10. Nd2 Na6 11. f3 Nc7 12. a4 b6 13. Nc4 Ba6 14. Bg5 h6 15. Be3 Bxc4 16. Bxc4 a6 17. Qd2 Kh7 18. Rab1 Qd7 19. b4 b5 20. Be2 c4 21. a5 Ng8 22. Bd1 f5 23. Bc2 fxe4 24. fxe4 Be5 25. Rf3 Qg7 26. Ne2 Nf6 27. Rbf1 Rf8 28. h3 Rae8 29. Nd4 Nd7 30. Nc6 Bc3 31. Qc1 Bb2 32. Qe1 Rxf3 33. Rxf3 Ne5 34. Nxe5 Bxe5 35. Qf2 Kh8 36. Kh1 1/2-1/2

[Event "Mind Sports Games - Blitz Pair"]
[Site "Pechino CINA"]
[Date "2008.10.08"]
[Round "10"]
[White "Solomon, K."]
[Black "Nyback, T."]
[Result "1-0"]
[WhiteElo "2337"]
[BlackElo "2634"]
[PlyCount "139"]
[EventDate "2008.10.08"]
[Source "www.chesslib.no"]
[SourceDate "2004.05.04"]

1. d4 Nf6 2. c4 c5 3. d5 e6 4. Nc3 exd5 5. cxd5 d6 6. Nf3 g6 7. Nd2 Bg7 8. e4 O-O 9. Be2 Re8 10. O-O Na6 11. f3 Nc7 12. a4 b6 13. Nc4 Ba6 14. Kh1 Rb8 15. Bg5 Qd7 16. Bh4 Nh5 17. Qd2 f5 18. g4 Nf6 19. gxf5 gxf5 20. Rg1 Kh8 21. Rxg7 Qxg7 22. Nxd6 Bxe2 23. Qxe2 fxe4 24. Rg1 Qf8 25. Nxe8 Rxe8 26. fxe4 Nfxd5 27. Nxd5 Nxd5 28. Qd3 Qf4 29. exd5 Qxh4 30. Qc3+ Qd4 31. Qxd4+ cxd4 32. Rd1 Kg7 33. Kg2 Re4 34. Kf3 Re3+ 35. Kf4 Rb3 36. d6 Kf7 37. Rxd4 Ke8 38. Rd2 Kd7 39. Ke5 Re3+ 40. Kd5 Re6 41. Kc4 Rxd6 42. Rg2 Rh6 43. Kb5 Rh5+ 44. Kb4 Kc6 45. Rc2+ Kb7 46. Rg2 a5+ 47. Kc4 Kc6 48. b3 Rh4+ 49. Kc3 h6 50. Rf2 Kd5 51. Rf5+ Ke6 52. Rf2 Rh5 53. Kc4 Rc5+ 54. Kd4 Rh5 55. Kc4 Kd6 56. Kd4 Rh4+ 57. Kc3 Kc5 58. Rf5+ Kd6 59. Rf2 Ke5 60. Kd3 Rf4 61. Rxf4 Kxf4 62. Kc4 Kg4 63. Kb5 Kh3 64. Kxb6 Kxh2 65. Kxa5 Kg1 66. Kb6 h5 67. a5 h4 68. a6 h3 69. a7 h2 70. a8=Q 1-0